000 00641nam a2200181 i 4500
001 150477
003 ES-MaACL
005 20250930063127.0
007 t|
008 071030s1965 sp ||||1| spa d
100 1 _aVálgoma y Díaz-Varela, Dalmiro de la,
_d1904-1990
_9112691
245 1 3 _aEl arzobispo Fernández de Heredia y sus parientes /
_cDalmiro de la Válgoma.
260 _aMadrid :
_bMaestre,
_c1965.
300 _a19 p. ;
_c24 cm.
500 _aEs tirada aparte del "Boletín de la Real Academia de la Historia", tomo CLIV, cuad. 1, p. 21-39.
852 _aES-MaACL
_j2043-F-12
_bR.56477
999 _c150477
_d150477